Boards that make a difference : (Record no. 6728)
[ view plain ]
| 000 -LEADER | |
|---|---|
| fixed length control field | 01097cam a22002654a 4500 |
| 001 - CONTROL NUMBER | |
| control field | 14172952 |
| 005 - DATE AND TIME OF LATEST TRANSACTION | |
| control field | 20250627105441.0 |
| 008 - FIXED-LENGTH DATA ELEMENTS--GENERAL INFORMATION | |
| fixed length control field | 051118s2006 caua b 001 0 eng |
| 020 ## - INTERNATIONAL STANDARD BOOK NUMBER | |
| International Standard Book Number | 0787976164 (cloth) |
| 020 ## - INTERNATIONAL STANDARD BOOK NUMBER | |
| International Standard Book Number | 9780787976163 |
| 050 00 - LIBRARY OF CONGRESS CALL NUMBER | |
| Classification number | HD2745 |
| Item number | .C37 2006 |
| 082 00 - DEWEY DECIMAL CLASSIFICATION NUMBER | |
| Classification number | 658.4/22 |
| Edition information | 22 |
| 100 1# - MAIN ENTRY--PERSONAL NAME | |
| Personal name | Carver, John |
| Fuller form of name | (John Bruce), |
| Dates associated with a name | 1938- |
| 245 10 - TITLE STATEMENT | |
| Title | Boards that make a difference : |
| Remainder of title | a new design for leadership in nonprofit and public organizations / |
| Statement of responsibility, etc. | John Carver. |
| 250 ## - EDITION STATEMENT | |
| Edition statement | 3rd ed. |
| 260 ## - PUBLICATION, DISTRIBUTION, ETC. | |
| Place of publication, distribution, etc. | San Francisco, CA : |
| Name of publisher, distributor, etc. | Jossey-Bass, |
| Date of publication, distribution, etc. | c2006. |
| 300 ## - PHYSICAL DESCRIPTION | |
| Extent | xxviii, 418 p. : |
| Other physical details | ill. ; |
| Dimensions | 24 cm. |
| 650 #0 - SUBJECT ADDED ENTRY--TOPICAL TERM | |
| Topical term or geographic name entry element | Directors of corporations. |
| 650 #0 - SUBJECT ADDED ENTRY--TOPICAL TERM | |
| Topical term or geographic name entry element | Associations, institutions, etc. |
| General subdivision | Management. |
| 650 #0 - SUBJECT ADDED ENTRY--TOPICAL TERM | |
| Topical term or geographic name entry element | Nonprofit organizations |
| General subdivision | Management. |
| 856 41 - ELECTRONIC LOCATION AND ACCESS | |
| Materials specified | Table of contents only |
| Uniform Resource Identifier | <a href="http://www.loc.gov/catdir/toc/ecip064/2005033970.html">http://www.loc.gov/catdir/toc/ecip064/2005033970.html</a> |
| 856 42 - ELECTRONIC LOCATION AND ACCESS | |
| Materials specified | Publisher description |
| Uniform Resource Identifier | <a href="http://www.loc.gov/catdir/enhancements/fy0645/2005033970-d.html">http://www.loc.gov/catdir/enhancements/fy0645/2005033970-d.html</a> |
| 856 42 - ELECTRONIC LOCATION AND ACCESS | |
| Materials specified | Contributor biographical information |
| Uniform Resource Identifier | <a href="http://www.loc.gov/catdir/enhancements/fy0659/2005033970-b.html">http://www.loc.gov/catdir/enhancements/fy0659/2005033970-b.html</a> |
| 942 ## - ADDED ENTRY ELEMENTS (KOHA) | |
| Source of classification or shelving scheme | Library of Congress Classification |
| Koha item type | Books |
| Suppress in OPAC | No |
| 999 ## - | |
| -- | 6728 |
| -- | 6728 |
| Withdrawn status | Lost status | Source of classification or shelving scheme | Damaged status | Not for loan | Collection | Home library | Current library | Shelving location | Date acquired | Total checkouts | Full call number | Barcode | Date last seen | Copy number | Price effective from | Koha item type |
|---|---|---|---|---|---|---|---|---|---|---|---|---|---|---|---|---|
| Library of Congress Classification | Non-fiction | Business Library (Miotso) | Business Library (Miotso) | General stacks | 03/18/2026 | HD2745 .C37 CAR | BSSM00002940 | 03/18/2026 | 1 | 03/18/2026 | Books | |||||
| Library of Congress Classification | Non-fiction | Business Library (Miotso) | Business Library (Miotso) | General stacks | 03/18/2026 | HD2745 .C37 CAR | BSSM00002941 | 03/18/2026 | 2 | 03/18/2026 | Books | |||||
| Library of Congress Classification | Non-fiction | Graduate Library (Christ Temple) | Graduate Library (Christ Temple) | General stacks | 06/27/2025 | HD 2745.C37 CAR | GSCT00001678 | 06/27/2025 | 1 | 06/27/2025 | Books | |||||
| Library of Congress Classification | Non-fiction | Graduate Library (Christ Temple) | Graduate Library (Christ Temple) | General stacks | 06/27/2025 | HD 2745.C37 CAR | GSCT00001679 | 06/27/2025 | 2 | 06/27/2025 | Books |